La concepción del mundo en la Edad Media
Guardat en:
| Autor principal: | |
|---|---|
| Format: | Llibre |
| Idioma: | espanyol |
| Publicat: |
Madrid
Gredos
1958
|
| Col·lecció: | Biblioteca Hispánica de Filosofía
|
| Matèries: | |
| Etiquetes: |
Afegir etiqueta
Sense etiquetes, Sigues el primer a etiquetar aquest registre!
|
MARC
| LEADER | 00000nam a2200000 a 4500 | ||
|---|---|---|---|
| 001 | UCZ3215 | ||
| 003 | CL-VaPUC | ||
| 008 | 951020e19580000SP |||||||||||||||||spa|d | ||
| 082 | 0 | 4 | |a 180 |b DEM |2 21 |
| 100 | 0 | |a Dempf, Alois |e author |9 347031 | |
| 245 | 1 | 3 | |a La concepción del mundo en la Edad Media |
| 300 | |a 234 p | ||
| 942 | |c BK | ||
| 945 | |d 19951020 00:00:00 |a rleighto | ||
| 260 | |a Madrid |b Gredos |c 1958 | ||
| 650 | 0 | |a Filosofía medieval |9 256245 | |
| 650 | 0 | |a Filosofía |9 223554 | |
| 650 | 0 | |a Escolástica |9 345541 | |
| 583 | |a last modification |c 19951020 00:00:00 |k Rodrigo Vera | ||
| 490 | 0 | |a Biblioteca Hispánica de Filosofía | |
| 999 | |c 239712 |d 239710 | ||
| 952 | |0 0 |1 0 |4 0 |6 180_000000000000000_DEM_1958 |7 0 |8 P |9 251027 |a BIBEDU |b BIBEDU |c BIBEDU_PB |d 2019-11-18 |i 3130002 |o 180 DEM 1958 |p 3130002 |r 2024-01-25 |w 2019-11-18 |y BK |k FIL | ||